Estadísticas para 15 principales países afectados por Covid19 - 1 mayo 2021

Haz click aquí para intentar la prueba.

Estadísticas generales

  • Esta prueba ha sido intentada 11 veces
  • La puntuación promedio es 17 de 28

Estadísticas de respuestas

country% Correcto
Brasil
100%
España
100%
Estados Unidos
100%
Francia
100%
India
100%
Italia
100%
Alemania
90%
Argentina
90%
México
90%
Turquía
90%
Colombia
80%
Irán
70%
Reino Unido
70%
Rusia
70%
Polonia
60%
Bélgica
50%
Portugal
50%
Suecia
50%
Israel
40%
Baréin
30%
Chequia
30%
Hungría
30%
Países Bajos
30%
Croacia
20%
Eslovenia
20%
Estonia
20%
Lituania
20%
Panamá
20%

Distribución de puntuación

Porcentaje por número respondido

Porcentaje de gente con cada puntuación

Historial de tus puntuaciones

No has intentado esta prueba.